| 000 | 01331nam a22002057a 4500 | ||
|---|---|---|---|
| 005 | 20220427112055.0 | ||
| 008 | 220106b ||||| |||| 00| 0 eng d | ||
| 020 | _a9781406332933 | ||
| 040 | _cAL | ||
| 041 | _aeng | ||
| 082 |
_223 _a813.6 _bCLAC |
||
| 100 |
_aCassandra Clare _912591 |
||
| 245 | _aCity of heavenly fire | ||
| 260 |
_aLondon _bWalker Books _c2014 |
||
| 300 |
_a637p _bPB _c19.5x12.5cm. |
||
| 365 |
_a4477 _b₹467.22 _c₹ _d₹599.00 _e22% _f18-12-2021 |
||
| 520 | _aSixth and final book in Cassandra Clare’s internationally bestselling Mortal Instruments series about the Shadowhunters.Discover more secrets about the Shadowhunters in the sixth and final brand-new collectable edition of the internationally bestselling Mortal Instruments series. Gorgeous cover illustration by Mila Furstova, the artist who created the album art for Coldplay’s Ghost Stories. Darkness has descended on the Shadowhunter world. Clary, Jace, Simon, and their friends band together to fight the greatest evil they have ever faced... Read all the sensational books in The Shadowhunter Chronicles: The Mortal Instruments, The Infernal Devices, Tales from the Shadowhunter Academy, The Bane Chronicles, The Dark Artifices, The Last Hours and The hadowhunter’s Codex. | ||
| 650 |
_2Literature _aFiction _912592 |
||
| 942 |
_2ddc _cBK |
||
| 999 |
_c221098 _d221098 |
||